000 01191nam a2200241Ia 4500
999 _c3285
_d3285
003 OSt
005 20200625133302.0
008 191128s1995 ck a gr 000 j spa d
020 _a9580428638
040 _aCO-JMCR
_cCO-JMCR
041 _aspa
082 0 4 _aLM /
_bPOMp
100 _aPope Osborne, Mary,
_eautor
_96182
245 1 0 _aMitos griegos /
_cMary Pope Osborne
260 _aBogotá :
_bNorma,
_c1995
300 _a133 páginas :
_bilustraciones blanco y negro ;
_c19 cm.
490 0 _aTorre de papel amarillo
500 _aIncluye datos biográficos del autor en cotraportada
505 _aEl carro del Dios sol : La historia de featón y helios -- El toque dorado : La historia de baco y el rey midas -- Perdido en el mar : La historia de ceix y alción -- El concurso de tejido : La historia de minerva y aracne -- El árbol de apolo : La histori
520 _aEsta es una recopilación de los mitos griegos más conocidos. Se narra, por ejemplo, la historia del rey Midas, quien sucumbe ante la terrible fuerza de su ambición. O la historia de Narciso, quien se enamora de su propia imagen en el momento mismo en que
650 1 4 _aMitología
_96183
942 _2ddc
_cBK